Regulácia reklamy

Analýza fungovania súčasného systému regulácie reklamy v EÚ s poukázaním na relatívne jednoduché možnosti vnesenia sťažností voči neetickým reklamným posolstvám prekračujúcim hranice členských krajín.

Salvato in:
Dettagli Bibliografici
Autore principale: Zorkóciová, Otília, 1954-
Altri autori: Šimorová, Lenka
Natura: Capitolo di libro
Lingua:slovacco
Soggetti:
Tags: Aggiungi Tag
Nessun Tag, puoi essere il primo ad aggiungerne!!

MARC

LEADER 00000naa a2200000 4500
001 0148878
005 20240502072659.1
041 0 |a slo 
044 |a SK 
245 1 0 |a Regulácia reklamy  |c Otília Zorkóciová, Lenka Šimorová 
520 |a Analýza fungovania súčasného systému regulácie reklamy v EÚ s poukázaním na relatívne jednoduché možnosti vnesenia sťažností voči neetickým reklamným posolstvám prekračujúcim hranice členských krajín. 
610 2 0 |a regulácia 
610 2 0 |a harmonizácia 
610 2 0 |a Európska únia 
610 2 0 |a etika podnikateľská 
610 2 0 |a reklama 
100 1 |a Zorkóciová, Otília, 1954- 
700 1 |a Šimorová, Lenka